Estatísticas para 7 países aleatórios no mapa mundial em 15 segundos

Clique aqui para jogar o quiz

Estatísticas Gerais

  • Esse quiz foi jogado 401 vezes
  • A pontuação média é 4 de 7

Respostas no mapa

Respostas codificadas por cores de uma escala verde-vermelha no mapa do quiz de acordo com a % correta abaixo.
 

Estatísticas das Respostas

país% Correto
África do Sul
100%
Arábia Saudita
100%
Argentina
100%
Bahrein
100%
Barbados
100%
Bélgica
100%
Benim
100%
Bolívia
100%
Brasil
100%
Bulgária
100%
Butão
100%
Cabo Verde
100%
Canadá
100%
Cazaquistão
100%
Chile
100%
China
100%
Comores
100%
Costa Rica
100%
Cuba
100%
Dinamarca
100%
Egito
100%
El Salvador
100%
Emirados Árabes Unidos
100%
Eslováquia
100%
Essuatíni
100%
Etiópia
100%
Filipinas
100%
Gana
100%
Grécia
100%
Guiana
100%
Iémen
100%
Islândia
100%
Israel
100%
Itália
100%
Jordânia
100%
Kiribati
100%
Líbano
100%
Liechtenstein
100%
Lituânia
100%
Madagáscar
100%
Malawi
100%
Mauritânia
100%
México
100%
Micronésia
100%
Mônaco
100%
Namíbia
100%
Noruega
100%
Panamá
100%
Paraguai
100%
Peru
100%
Portugal
100%
Reino Unido
100%
República Dominicana
100%
Rússia
100%
São Tomé e Príncipe
100%
Síria
100%
Somália
100%
Tailândia
100%
Togo
100%
Turquia
100%
Ucrânia
100%
Uruguai
100%
Zimbábue
100%
Tunísia
75%
Afeganistão
67%
Bangladesh
67%
Botswana
67%
Congo
67%
Espanha
67%
Japão
67%
Suécia
67%
Marrocos
60%
Angola
50%
Antígua e Barbuda
50%
Argélia
50%
Armênia
50%
Áustria
50%
Bielorrússia
50%
Guiné
50%
Haiti
50%
Kuweit
50%
Mali
50%
Mongólia
50%
Nepal
50%
Países Baixos
50%
Polônia
50%
Sri Lanka
50%
Taiwan
50%
Tuvalu
50%
Vaticano
50%
Zâmbia
50%
Azerbaijão
33%
Brunei
33%
Malta
33%
Maurícia
33%
Paquistão
33%
Quirguistão
33%
Sudão do Sul
33%
Tonga
25%
Chéquia
20%
Albânia
0%
Alemanha
0%
Andorra
0%
Austrália
0%
Bahamas
0%
Belize
0%
Birmânia
0%
Bósnia e Herzegovina
0%
Burkina Faso
0%
Burundi
0%
Camarões
0%
Camboja
0%
Catar
0%
Chade
0%
Chipre
0%
Colômbia
0%
Coreia do Norte
0%
Coreia do Sul
0%
Côte d'Ivoire
0%
Croácia
0%
Djibouti
0%
Dominica
0%
Equador
0%
Eritreia
0%
Eslovénia
0%
Estados Unidos
0%
Estônia
0%
Fiji
0%
Finlândia
0%
França
0%
Gabão
0%
Gâmbia
0%
Geórgia
0%
Granada
0%
Guatemala
0%
Guiné-Bissau
0%
Guiné Equatorial
0%
Honduras
0%
Hungria
0%
Ilhas Marshall
0%
Ilhas Salomão
0%
Índia
0%
Indonésia
0%
Irão
0%
Iraque
0%
Irlanda
0%
Jamaica
0%
Kosovo
0%
Laos
0%
Lesoto
0%
Letónia
0%
Libéria
0%
Líbia
0%
Luxemburgo
0%
Macedónia do Norte
0%
Malásia
0%
Maldivas
0%
Moçambique
0%
Moldávia
0%
Montenegro
0%
Nauru
0%
Nicarágua
0%
Níger
0%
Nigéria
0%
Nova Zelândia
0%
Omã
0%
Palau
0%
Papua Nova Guiné
0%
Quênia
0%
Rep Dem Congo
0%
República Centro-Africana
0%
Romênia
0%
Ruanda
0%
Samoa
0%
San Marino
0%
Santa Lúcia
0%
São Cristóvão e Nevis
0%
São Vicente e Granadinas
0%
Senegal
0%
Serra Leoa
0%
Sérvia
0%
Seychelles
0%
Singapura
0%
Sudão
0%
Suíça
0%
Suriname
0%
Tajiquistão
0%
Tanzânia
0%
Timor-Leste
0%
Trinidad e Tobago
0%
Turquemenistão
0%
Uganda
0%
Uzbequistão
0%
Vanuatu
0%
Venezuela
0%
Vietname
0%

Distribuição das Pontuações

Percentil de Números Respondidos

Porcentagem de Pessoas com Cada Pontuação

Sua Pontuação Histórica

Você não jogou esse quiz